Jednoduchá spoločnosť na akcie - nová obchodná spoločnosť v slovenskom práve diplomová práca

Guardado en:
Detalles Bibliográficos
Autor principal: Kazmérová, Lenka
Autor Corporativo: Obchodná fakulta EU. Katedra obchodného práva
Otros Autores: Holub, Dušan
Formato: Libro
Lenguaje:eslovaco
Publicado: Bratislava 2018
Etiquetas: Agregar Etiqueta
Sin Etiquetas, Sea el primero en etiquetar este registro!

MARC

LEADER 00000nbm a2200000 4500
001 0243418
005 20180730094954.7
041 0 |a slo 
044 |a SK 
245 1 0 |a Jednoduchá spoločnosť na akcie - nová obchodná spoločnosť v slovenskom práve  |b diplomová práca  |c Lenka Kazmérová ; školiteľ: Dušan Holub 
264 1 |a Bratislava  |c 2018 
300 |a 61 s. 
100 1 |a Kazmérová, Lenka 
700 1 |a Holub, Dušan 
710 2 |a Obchodná fakulta EU. Katedra obchodného práva